Statystyki dla Państwa, które powstały po rozpadzie...#1

Kliknij tutaj aby rozwiązać quiz!

Ogólne statystyki

  • Ten quiz został rozwiązany 4 361 razy
  • Średni wynik to 18 z 22

Statystyki odpowiedzi

PaństwoAnswers% Poprawnych
ZSRRUkraina
96%
ZSRRŁotwa
95%
ZSRRLitwa
94%
JugosławiaChorwacja
93%
ZSRREstonia
93%
ZSRRBiałoruś
92%
JugosławiaSerbia
92%
ZSRRKazachstan
88%
JugosławiaKosowo
88%
JugosławiaCzarnogóra
85%
JugosławiaMacedonia
84%
JugosławiaSłowenia
83%
JugosławiaBośnia i Hercegowina
81%
ZSRRGruzja
79%
ZSRRRosja
77%
ZSRRArmenia
75%
ZSRRAzerbejdżan
74%
ZSRRTadżykistan
74%
ZSRRUzbekistan
74%
ZSRRMołdawia
72%
ZSRRTurkmenistan
71%
ZSRRKirgistan
68%

Rozkład punktacji

Percentyl według liczby udzielonych odpowiedzi

Procent ludzi z każdym wynikiem

Twoja historia wyników

Nie rozwiązałeś tego quizu